| 000 | 00457nam a2200193Ia 4500 | ||
|---|---|---|---|
| 008 | 170705s9999 xx 000 0 und d | ||
| 020 | _a9780439746397 | ||
| 245 | _aHere's a hint : | ||
| 245 | _ba book of riddles / | ||
| 245 | _cWiley Blevins. | ||
| 260 | _aNew York : | ||
| 260 | _bScholastic, | ||
| 260 | _c2006 | ||
| 300 | _a8 pages : | ||
| 300 | _bcolor illustration ; | ||
| 300 | _c23cm. | ||
| 440 | _aScholastic FX books. | ||
| 500 | _aBR | ||
| 999 |
_c335294 _d335294 |
||